| 000 | 00343nam a2200121Ia 4500 | ||
|---|---|---|---|
| 008 | 250110s9999 xx 000 0 und d | ||
| 041 | _aeng | ||
| 100 |
_aTengshe Shruthi _9182647 |
||
| 245 | _aHill Top Beach Facing Resort Gokarna | ||
| 260 |
_bFinal Year B.Arch ID, Pune _c2014 |
||
| 300 | _a64p | ||
| 700 |
_aGuide Name:Murugkar Kavita _9210322 |
||
| 999 |
_c363514 _d363514 |
||